|
|
|
|
| LEADER |
00000nas a2200000 a 4500 |
| 001 |
ssj0002363 |
| 003 |
WaSeSS |
| 005 |
20200512172242.0 |
| 006 |
m d |
| 007 |
cr n |
| 008 |
990208c19749999nyubr pss 0 a0eng c |
| 010 |
|
|
|a 2004233651
|
| 016 |
7 |
|
|a 1398298-9
|2 DE-600
|
| 016 |
7 |
|
|a 013087609
|2 Uk
|
| 022 |
|
|
|a 1432-0606
|l 0095-4616
|y 0095-4616
|
| 030 |
|
|
|a AMOMBN
|
| 035 |
|
|
|a (WaSeSS)ssj0002363
|
| 037 |
|
|
|b Springer-Verlag, 175 Fifth Ave., New York, NY 10010
|
| 040 |
|
|
|a RIU
|b eng
|e pn
|c RIU
|d OH1
|d OCL
|d OCLCQ
|d GUA
|d OCLCQ
|d OCL
|d NSD
|d DLC
|d OCLCQ
|d UKMGB
|d OCLCQ
|d OCLCO
|d BUF
|d OCLCF
|d AZU
|d AU@
|d CCO
|d OCLCQ
|d OCLCO
|d OCLCQ
|d DEFHM
|d OCLCO
|d OCLCA
|d WT2
|d OCLCQ
|d OCLCO
|d VT2
|d NJT
|d DLC
|d SFB
|d OCLCQ
|d WaSeSS
|
| 042 |
|
|
|a pcc
|a nsdp
|
| 050 |
0 |
0 |
|a QA402.5
|
| 082 |
1 |
0 |
|a 519.05
|2 14
|
| 130 |
0 |
|
|a Applied mathematics and optimization (Online)
|
| 210 |
0 |
|
|a Appl. math. optim.
|b (Online)
|
| 222 |
|
0 |
|a Applied mathematics and optimization
|b (Online)
|
| 245 |
1 |
0 |
|a Applied mathematics and optimization
|h [electronic resource].
|
| 260 |
|
|
|a New York :
|b Springer-Verlag,
|c 1974-
|
| 310 |
|
|
|a Bimonthly,
|b <Jan. 1992->
|
| 321 |
|
|
|a Semiannual,
|b <Mar. 1977->
|
| 362 |
1 |
|
|a Began with vol. 1, issue 1 (Mar. 1974).
|
| 506 |
|
|
|a License restrictions may limit access.
|
| 538 |
|
|
|a Mode of access: World Wide Web.
|
| 588 |
0 |
|
|a Vol. 1, issue 1 (Mar. 1974); title from contents screen (Springer LINK, viewed May 4, 2004).
|
| 588 |
1 |
|
|a Vol. 80, issue 1 (Aug. 2019) (viewed Sept. 19, 2019).
|
| 650 |
|
0 |
|a Mathematical optimization
|v Periodicals.
|
| 650 |
|
0 |
|a Mathematical models
|v Periodicals.
|
| 650 |
|
7 |
|a Mathematical models.
|2 fast
|0 (OCoLC)fst01012085
|
| 650 |
|
7 |
|a Mathematical optimization.
|2 fast
|0 (OCoLC)fst01012099
|
| 650 |
|
7 |
|a Angewandte Mathematik
|2 gnd
|
| 650 |
|
7 |
|a Optimierung
|2 gnd
|
| 650 |
|
7 |
|a Zeitschrift
|2 gnd
|
| 650 |
|
7 |
|a Online-Ressource
|2 gnd
|
| 655 |
|
0 |
|a Electronic journals.
|
| 776 |
0 |
8 |
|i Print version:
|t Applied mathematics and optimization
|x 0095-4616
|w (DLC) 74646890
|w (OCoLC)1795522
|
| 850 |
|
|
|a DLC
|
| 856 |
4 |
0 |
|z Full text available from Research Library: 01/01/2002 to 1 year ago
|u https://search.proquest.com/publication/47316
|